000
00273nam a2200109Ia 4500
008
230907s9999||||xx |||||||||||||| ||und||
082
_a
621.31924
_b
PET
245
0
_a
Electrical wiring practice /
260
_a
McGraw-Hill,
_b
Boston :
_c
2007
300
_a
312 p.
942
_c
BK
999
_c
599882
_d
599882